Who Wrote It? 21st Century Best-Selling Fiction Quiz Stats

Quiz Updated Sep 28, 2016

Challenge
Share
Tweet
Embed
Score 0/24 Timer 05:00
2 Plays Today
Question Answer Wrong Answers
Who wrote 'Harry Potter and the Half-Blood Prince'? J. K. Rowling
99.3%
Margaret Atwood
0.2%
Stephenie Meyer
0.2%
Suzanne Collins
0.3%
Who wrote 'The Girl with the Dragon Tattoo'? Stieg Larsson
90%
Jo Nesbø
2.1%
Henning Mankell
2.5%
Håkan Nesser
3.7%
Who wrote 'The Da Vinci Code'? Dan Brown
88%
Stephen King
1.4%
James Patterson
2%
J. K. Rowling
0.5%
Who wrote 'The Hunger Games'? Suzanne Collins
86.7%
Stephenie Meyer
10.6%
J. K. Rowling
0.5%
Neil Gaiman
1.8%
Who wrote 'The Kite Runner'? Khaled Hosseini
76.7%
Haruki Murakami
7%
Jhumpa Lahiri
4.3%
Salman Rushdie
5.7%
Who wrote 'The Fault in Our Stars'? John Green
72.1%
Suzanne Collins
3.3%
Neil Gaiman
11.9%
Stephenie Meyer
8.2%
Who wrote 'The Lovely Bones'? Alice Sebold
68.5%
Margaret Atwood
15.2%
Suzanne Collins
3.7%
Marilynne Robinson
6.9%
Who wrote 'Middlesex'? Jeffrey Eugenides
63.3%
Ian McEwan
13%
Haruki Murakami
5.8%
Salman Rushdie
9%
Who wrote 'Atonement'? Ian McEwan
63.2%
Martin Amis
8%
Philip Roth
16.3%
Haruki Murakami
4%
Who wrote 'Life of Pi'? Yann Martel
62.4%
Salman Rushdie
5.8%
Khaled Hosseini
9.1%
Haruki Murakami
16.4%
Who wrote 'The Road'? Cormac McCarthy
62.2%
Jack Kerouac
26.6%
Alice Sebold
4.2%
Jonathan Safron Foer
3.9%
Who wrote 'Bel Canto'? Ann Patchett
60.4%
Margaret Atwood
10.2%
Ian McEwan
6.5%
Hilary Mantel
13.2%
Who wrote 'The Historian'? Elizabeth Kostova
59.2%
Markus Zusak
9.4%
Hilary Mantel
11.6%
Carlos Ruiz Zafón
11.6%
Who wrote 'The Book Thief'? Markus Zusak
58.4%
Elizabeth Kostova
19%
Neil Gaiman
13.5%
John Green
3.3%
Who wrote 'Never Let Me Go'? Kazuo Ishiguro
57.1%
Haruki Murakami
21.4%
Yann Martel
7%
Khaled Hosseini
5.2%
Who wrote 'The Shadow of the Wind'? Carlos Ruiz Zafón
54.9%
Dan Brown
5.7%
Junot Díaz
22.7%
Stephen King
10.3%
Who wrote 'The Corrections'? Jonathan Franzen
54.8%
Haruki Murakami
10.8%
Ian McEwan
18%
Mark Haddon
8.5%
Who wrote 'The Namesake'? Jhumpa Lahiri
51.7%
Yann Martel
6.1%
Salman Rushdie
14.7%
Haruki Murakami
19.2%
Who wrote 'The Curious Incident of the Dog in the Night-Time'? Mark Haddon
51.2%
Yann Martel
13.5%
Jonathan Franzen
16.9%
Jeffrey Eugenides
11.6%
Who wrote 'American Gods'? Neil Gaiman
48.8%
James Patterson
11.1%
Bill O'Reilly
16.2%
Joseph J. Ellis
15.1%
Who wrote 'Wolf Hall'? Hilary Mantel
48.2%
Ann Patchett
16.1%
Yann Martel
11.7%
Ian McEwan
18.9%
Who wrote 'The Brief Wondrous Life of Oscar Wao'? Junot Díaz
46.2%
Carlos Ruiz Zafón
11.9%
Jhumpa Lahiri
17.1%
Anne Tyler
16.3%
Who wrote 'Oryx and Crake'? Margaret Atwood
41.4%
Yann Martel
7.2%
Markus Zusak
11.3%
Ann Patchett
31.3%
Who wrote 'Gilead'? Marilynne Robinson
37.4%
Hilary Mantel
8.1%
E.L. Doctorow
29.7%
Salman Rushdie
15.4%

You're not logged in!

Compare scores with friends on all Sporcle quizzes.
Join for Free
OR
Log In

You Might Also Like...

Show Comments

Extras

Top Quizzes Today


Score Distribution

Your Account Isn't Verified!

In order to create a playlist on Sporcle, you need to verify the email address you used during registration. Go to your Sporcle Settings to finish the process.

Report this User

Report this user for behavior that violates our Community Guidelines.

Details: